skbl

Dr Suryya Kumar Bhuyan Library Web-OPAC
ডঃ সূৰ্য্য
কুমাৰ ভূঞা পুথিভঁৰাল ৱেব-অ'পেক

All Research Scholars are advised to clear the annual library fees to continue using Library Resources, Remote Access, Plagiarism Test and Library Clearance.

Cotton University Book Fair 2026

Abbo abboni salo / (Record no. 186)

MARC details
000 -LEADER
fixed length control field 00592nam a2200193Ia 4500
001 - CONTROL NUMBER
control field 186
008 - FIXED-LENGTH DATA ELEMENTS--GENERAL INFORMATION
fixed length control field 170206s1994 ii g b000 u bed u
082 ## - DEWEY DECIMAL CLASSIFICATION NUMBER
Classification number 891.49308 B
100 ## - MAIN ENTRY--PERSONAL NAME
Personal name Basumatari, Sukumar .,
Relator term Author.
245 #0 - TITLE STATEMENT
Title Abbo abboni salo /
Statement of responsibility, etc. Sukumar Basumatari.
Medium Textual Documents
260 ## - PUBLICATION, DISTRIBUTION, ETC.
Place of publication, distribution, etc. Kokrajhar(Assam) :
Name of publisher, distributor, etc. Bodo publication Board ,
Date of publication, distribution, etc. 1994.
300 ## - PHYSICAL DESCRIPTION
Extent x,92p. ;
Dimensions 22cm..
500 ## - GENERAL NOTE
General note this book written in Bodo language on Bodo short stories
653 ## - INDEX TERM--UNCONTROLLED
Uncontrolled term Bodo short stories
653 ## - INDEX TERM--UNCONTROLLED
Uncontrolled term Gen-Bodo
653 ## - INDEX TERM--UNCONTROLLED
Uncontrolled term Gen-Bodo
653 ## - INDEX TERM--UNCONTROLLED
Uncontrolled term Bodo story-collection
942 ## - ADDED ENTRY ELEMENTS (KOHA)
Source of classification or shelving scheme Dewey Decimal Classification
Koha item type Books
Holdings
Withdrawn status Lost status Damaged status Not for loan Home library Current library Date acquired Coded location qualifier Total checkouts Full call number Barcode Date last seen Copy number Price effective from Koha item type
        Dr. Suryya Kumar Bhuyan Library Dr. Suryya Kumar Bhuyan Library 01/02/2012 00000   891.49308 B Ba 29 Ar 113/Bodo 13/01/2024 2 01/02/2012 Books
        Dr. Suryya Kumar Bhuyan Library Dr. Suryya Kumar Bhuyan Library 01/02/2012 00000   891.49308 B Ba 29 Ar 108/Bodo 13/01/2024 4 01/02/2012 Books
        Dr. Suryya Kumar Bhuyan Library Dr. Suryya Kumar Bhuyan Library 01/02/2012 00000   891.49308 B Ba 29 Ar 109/Bodo 13/01/2024 3 01/02/2012 Books
      Not for loan Dr. Suryya Kumar Bhuyan Library Dr. Suryya Kumar Bhuyan Library 01/02/2012 00000   891.49308 B Ba 29 Ar 110/Bodo 13/01/2024 1 01/02/2012 Books

Designed and Maintained by Team SKBL
©1901-2026

Powered by Koha